000
00309nam a2200121Ia 4500
005
20251222154346.0
008
251222s9999||||xx |||||||||||||| ||spa||
020
_a
0-619-13115-2
082
_a
004.68/O68
100
_a
"Ogletree, Terry William"
245
0
_a
Fundamental of storage area networks
942
_c
LIB
999
_c
34700
_d
34700